Consejos a los alumnos de la Linotipe / trabajo ejecutado por el aprendiz linotipista Benjamín Palatino Sena
Descripción Física:
31, [1] p. ; 18 cm
MARC
| LEADER | 00000nam a2200000Ia 4500 | ||
|---|---|---|---|
| 001 | 15252 | ||
| 008 | 160829s1943 xx 000 0 cat d | ||
| 080 | |a FU-35-40 | ||
| 100 | |a Palatino Sena, Benjamín |9 20257 | ||
| 245 | |a Consejos a los alumnos de la Linotipe / trabajo ejecutado por el aprendiz linotipista Benjamín Palatino Sena | ||
| 260 | |a Barcelona : |b Casa provincial de Caridad, Impr. Escuela, |c 1943 | ||
| 300 | |a 31, [1] p. ; |c 18 cm | ||
| 650 | |a Linotip |9 38701 | ||
| 650 | |a Impremta |x Maquinària i accessoris |9 20259 | ||
| 856 | 4 | |u https://media.diba.cat/diba/fitxers/arxiu/fulletons/bib_15252_baixa.pdf |y Accés lliure | |
| 901 | |a Arxiu | ||
| 942 | |n 1 |2 udc | ||
| 952 | |0 0 |1 0 |4 0 |6 FU3540 |7 1 |9 41510 |a Arxiu |b Arxiu |d 2016-12-01 |l 0 |o FU-35-40 |p 15252 |r 2016-12-01 00:00:00 |w 2016-12-01 |y ARXIU | ||
| 999 | |c 43318 |d 43318 | ||
| 900 | |a bib_15252_baixa.pdf | ||